| 000 | 00898cam a22003017a 4500 | ||
|---|---|---|---|
| 003 | CHAP | ||
| 005 | 20220329133921.0 | ||
| 008 | 971013s1974 r 00010 d | ||
| 010 | _a12655 | ||
| 011 | _a13627 | ||
| 035 | _a17699 | ||
| 040 | _cCHAP | ||
| 090 | _aFolleto 4991y | ||
| 100 | 0 | 0 |
_aCarthy, J. D. _919632 |
| 245 | 1 | 3 | _aEl estudio del comportamiento |
| 260 |
_aBarcelona : _bOmega, _c1974 |
||
| 300 |
_a68 p. _b: ilus. ; gráfs. |
||
| 490 | 0 | _aCuadernos de biología | |
| 590 |
_aBATCH-UPD _b10 _c20130110 _lUCH01 _h2046 |
||
| 590 |
_aBATCH-UPD _b10 _c20130410 _lUCH01 _h1400 |
||
| 590 |
_aBATCH-UPD _b10 _c20130914 _lUCH01 _h0910 |
||
| 590 |
_aCONVERSION _b10 _c20130109 _lUCH01 _h1308 |
||
| 650 | 1 | 4 |
_aAnimales _xHabitos y conducta. _95865 |
| 830 | 0 |
_aCuadernos de biología _929748 |
|
| 901 | _aBK | ||
| 942 | _cFOLL | ||
| 949 |
_aFolleto 4991y _bBC _cFOLL _d-41574 _eTS1 _i17699 _si _t140.00 |
||
| 999 |
_c12655 _d12655 |
||